| 000 | 00506nam a2200145 a 4500 | ||
|---|---|---|---|
| 008 | 120416s1997 ||||||||||||||||| || u | ||
| 020 | _a0521588650 | ||
| 050 | _aHB 71 Dem | ||
| 100 | _aDemsetz, Harold | ||
| 245 | 1 | 4 | _aThe economics of the business firm |
| 246 | _aseven critical commentaries | ||
| 260 |
_aCambridge _bCUP _c1997 |
||
| 350 | _a0.00 | ||
| 995 |
_D0.00 _FCBU-MAIN LIBRARY (Kitwe) _H1 _I0.00 _M1 _UAVAILABLE _ZMain Library Open Access Collection |
||
| 999 |
_c41056 _d41056 |
||